201 Japanese verbs : Fully described in all inflection moods, aspects, and formality levels
This book consists of the following such as explanation of Japanese pronunciation and romanization, speech levels in Japanese, inflection and derivation of Japanese verbs, sample conjugation of class I, II verb, and fully described in all inflections, moods, aspects and formality levels.
Wedi'i Gadw mewn:
| Prif Awdur: | |
|---|---|
| Fformat: | Llyfr |
| Iaith: | Undetermined |
| Cyhoeddwyd: |
Woodbury
Barron’s Educational Series
1971
|
| Pynciau: | |
| Tagiau: |
Ychwanegu Tag
Dim Tagiau, Byddwch y cyntaf i dagio'r cofnod hwn!
|
| Thư viện lưu trữ: | Trung tâm Học liệu Trường Đại học Cần Thơ |
|---|
| LEADER | 00894nam a2200217Ia 4500 | ||
|---|---|---|---|
| 001 | CTU_111187 | ||
| 008 | 210402s9999 xx 000 0 und d | ||
| 082 | |a 495.6 | ||
| 082 | |b L274 | ||
| 100 | |a Lange, Roland A. | ||
| 245 | 0 | |a 201 Japanese verbs : | |
| 245 | 0 | |b Fully described in all inflection moods, aspects, and formality levels | |
| 245 | 0 | |c Roland A. Lange | |
| 260 | |a Woodbury | ||
| 260 | |b Barron’s Educational Series | ||
| 260 | |c 1971 | ||
| 520 | |a This book consists of the following such as explanation of Japanese pronunciation and romanization, speech levels in Japanese, inflection and derivation of Japanese verbs, sample conjugation of class I, II verb, and fully described in all inflections, moods, aspects and formality levels. | ||
| 650 | |a Japanese language | ||
| 650 | |x Verb | ||
| 904 | |i Hiếu | ||
| 980 | |a Trung tâm Học liệu Trường Đại học Cần Thơ | ||